| 000 | 01023nam a2200241Ia 4500 | ||
|---|---|---|---|
| 999 |
_c35758 _d35758 |
||
| 001 | 1637 | ||
| 003 | GE_BSU | ||
| 005 | 20210225135454.0 | ||
| 008 | 181216s2009||||ge |||||||||||||| ||geo|| | ||
| 020 | _a9992888237 | ||
| 040 | _cGE_BSU | ||
| 041 | _ageo | ||
| 080 | _a004.42(075.8) მ–43 | ||
| 100 |
_aმაჭარაძე, თ. _910235 |
||
| 245 |
_aკომპიუტერები და კომპიუტერული ტექნოლოგიები : _bWindows, Word, Excel, Power point, Internet, E-mail / _cთ. მაჭარაძე, ზ. წვერაიძე. |
||
| 264 |
_aთბილისი : _bსტუ, _c2009. |
||
| 300 |
_a363 გვ. ; _b19 სმ. |
||
| 653 | _aინფორმატიკა | ||
| 653 | _aკომპიუტერული ტექნოლოგიები. | ||
| 653 | _aსაინფორმაციო ტექნოლოგიები | ||
| 700 |
_aწვერაიძე, ზ. _eავტორი _910236 |
||
| 942 |
_cBK _2udc |
||